00748nam 2200217u 4500001000800000005001700008008004100025035002100066906004500087010001700132040001900149050002300168245002600191260005600217300003600273650005700309700003800366830005100404991004600455099002900501856063800000000000000.0830210s1977 nyu 000 0 eng  9(DLC) 76045477 a0bcbccpremunvduencipf19gy-gencatlg a 76045477  aDLCcCarPdDLC00aM1b.M8772 vol. 6900aGuitar & flute duets  aNew York,b: Consolidated Music Publishers,cc1977. ascore (95 p.) and part ; 31 cm. 0aFlute and guitar music, Arranged. [from old catalog]1 aDraper, Peter. [from old catalog] 0aMusic for millions ; v. 69. [from old catalog] bc-MusichM1i.M8772 vol. 69tCopy 1wPREM adraper-guitar-1071952574